|
|
|
|
| LEADER |
00000nab a2200000 a 4500 |
| 001 |
vtls001014297 |
| 003 |
SK-MaSNL |
| 005 |
20260303210817.0 |
| 008 |
040720e19950926xo 0 slo |
| 035 |
|
|
|a SN251
|
| 040 |
|
|
|a SNSK
|b slo
|c SNSK
|e AACR2
|
| 041 |
0 |
|
|a slo
|
| 044 |
|
|
|a xo
|c SK
|
| 080 |
|
|
|a 82-94
|2 1981
|
| 080 |
|
|
|a 943.767.8
|2 1981
|
| 100 |
1 |
|
|a Žifčák, František,
|d 1951-
|4 aut
|9 235507
|
| 245 |
1 |
0 |
|a Bohatstvo spišských kroník
|b Známym svedectvom doby je kronika Levočana Gašpara Haina
|
| 300 |
|
|
|b 1 foto
|
| 650 |
0 |
7 |
|a kroniky
|2 SNSK
|9 29539
|
| 650 |
0 |
7 |
|a dejiny
|2 SNSK
|9 3825
|
| 651 |
|
7 |
|a Spiš (Slovensko : región)
|2 SNSK
|9 17692
|
| 651 |
|
7 |
|a Levoča (Slovensko)
|2 SNSK
|9 26696
|
| 651 |
|
7 |
|a SN,
|2 SNSK
|9 1021277
|
| 651 |
|
7 |
|a LE,
|2 SNSK
|9 1021327
|
| 655 |
|
7 |
|a periodikum
|2 snkbucl
|9 29553
|
| 773 |
0 |
8 |
|t Spišský kuriér
|g Roč. 4, č.38, 26.9.1995, s. 7
|
| 852 |
|
|
|a ZVYKNI
|b KIS3GCP
|
| 999 |
|
|
|c 2201880
|d 2203810
|